000
00325 a2200157 4500
001
75262
020
_a
851603139-x
040
_c
Anchieta - Colégio São Paulo
100
_a
Furnari, Eva
240
1
0
_a
Tartufo
_l
por
245
1
0
_a
Tartufo
300
_a
32
362
0
_a
2002
650
4
_a
Literatura infantil
942
_c
BK
999
_c
75262
_d
75262